| 000 -LEADER |
| fixed length control field |
00768cam a2200253 a 4500 |
| 001 - CONTROL NUMBER |
| control field |
8302 |
| 003 - CONTROL NUMBER IDENTIFIER |
| control field |
BD-DhUAP |
| 005 - DATE AND TIME OF LATEST TRANSACTION |
| control field |
20210121164158.0 |
| 008 - FIXED-LENGTH DATA ELEMENTS--GENERAL INFORMATION |
| fixed length control field |
200209s2002 ii 001 0 eng |
| 040 ## - CATALOGING SOURCE |
| Original cataloging agency |
BD-DhUAP |
| Transcribing agency |
BD-DhUAP |
| Language of cataloging |
Eng |
| 082 ## - DEWEY DECIMAL CLASSIFICATION NUMBER |
| Edition number |
23 |
| Classification number |
345.54 MIT |
| 100 1# - MAIN ENTRY--PERSONAL NAME |
| Personal name |
Mitra, B. B. |
| 245 10 - TITLE STATEMENT |
| Title |
B.B. Mitra on Code of Criminal Procedure, 1973 : |
| Remainder of title |
(Act 2 of 1974) / |
| Statement of responsibility, etc. |
B. B. Mitra and S. R. Roy. |
| 250 ## - EDITION STATEMENT |
| Edition statement |
19th ed. |
| 260 ## - PUBLICATION, DISTRIBUTION, ETC. |
| Place of publication, distribution, etc. |
Kolkata : |
| Name of publisher, distributor, etc. |
Kamal Law House, |
| Date of publication, distribution, etc. |
c1998 [Reprinted 2002]. |
| 300 ## - PHYSICAL DESCRIPTION |
| Extent |
volumes ; |
| Dimensions |
24 cm. |
| 500 ## - GENERAL NOTE |
| General note |
Includes index. |
| 505 0# - FORMATTED CONTENTS NOTE |
| Formatted contents note |
V. 2-- |
| 650 #0 - SUBJECT ADDED ENTRY--TOPICAL TERM |
| Topical term or geographic name entry element |
Criminal procedure |
| Geographic subdivision |
India. |
| 700 1# - ADDED ENTRY--PERSONAL NAME |
| Personal name |
Roy, S. R. |
| 906 ## - LOCAL DATA ELEMENT F, LDF (RLIN) |
| a |
7 |
| b |
cbc |
| c |
origode |
| d |
2 |
| e |
ncip |
| f |
20 |
| g |
y-gencatlg |
| 942 ## - ADDED ENTRY ELEMENTS (KOHA) |
| Source of classification or shelving scheme |
|
| Koha item type |
Book |